Instrumentation in astronomy (Record no. 10546)

MARC details
000 -LEADER
fixed length control field 00969nam a2200229Ia 4500
003 - CONTROL NUMBER IDENTIFIER
control field IN-BaIIA
008 - FIXED-LENGTH DATA ELEMENTS--GENERAL INFORMATION
fixed length control field 211028s9999 xx 000 0 eng d
020 ## - INTERNATIONAL STANDARD BOOK NUMBER
International Standard Book Number 0-8194-0279-6
040 ## - CATALOGING SOURCE
Transcribing agency IIA Library
080 ## - UNIVERSAL DECIMAL CLASSIFICATION NUMBER
Universal Decimal Classification number 535(082.1)
Item number SPI-1235
111 ## - MAIN ENTRY--MEETING NAME
Meeting name or jurisdiction name as entry element Society of Photo-Optical Instrumentation Engineers Conference
Location of meeting Arizona
Date of meeting or treaty signing 1990 Feb 13-17
9 (RLIN) 17936
245 #0 - TITLE STATEMENT
Title Instrumentation in astronomy
Remainder of title VII, pt. 1, proceedings of the SPIE held in Tucson, Arizona from 13-17 February, 1990
Statement of responsibility, etc. edited by David L. Crawford
260 ## - PUBLICATION, DISTRIBUTION, ETC.
Place of publication, distribution, etc. Washington
Name of publisher, distributor, etc. Society of Photo-Optical Instrumentation Engineers
Date of publication, distribution, etc. 1990
300 ## - PHYSICAL DESCRIPTION
Extent xii, 523p.
490 ## - SERIES STATEMENT
Series statement SPIE proceedings series; v. 1235
650 ## - SUBJECT ADDED ENTRY--TOPICAL TERM
Topical term or geographic name entry element Astronomical instruments
9 (RLIN) 4304
650 ## - SUBJECT ADDED ENTRY--TOPICAL TERM
Topical term or geographic name entry element Astronomy and Astrophysics Thesaurus
650 ## - SUBJECT ADDED ENTRY--TOPICAL TERM
Topical term or geographic name entry element Instrumentation
9 (RLIN) 8032
700 ## - ADDED ENTRY--PERSONAL NAME
Personal name Crawford, David L., ed.
9 (RLIN) 11966
710 ## - ADDED ENTRY--CORPORATE NAME
Corporate name or jurisdiction name as entry element Society of Photo-optical Instrumentation Engineers
9 (RLIN) 17937
942 ## - ADDED ENTRY ELEMENTS (KOHA)
Koha item type Books
Holdings
Withdrawn status Lost status Damaged status Not for loan Home library Current library Shelving location Date acquired Total Checkouts Full call number Barcode Date last seen Price effective from Koha item type
        IIA Library-Bangalore IIA Library-Bangalore General Stacks 02/02/1993   535(082.1)/ SPI-1235 11457 05/11/2021 02/02/1993 Books

Powered by Koha